[Event "61st World Juniors 2024"]
[Site "Gandhinagar IND"]
[Date "2024.06.09"]
[Round "7.38"]
[White "Gubatayev, Ahmet"]
[Black "Dishank Sachin Bajaj"]
[Result "0-1"]
[WhiteElo "2055"]
[BlackElo "1893"]
[WhiteFideId "14004526"]
[BlackFideId "25953036"]
[EventDate "2024.06.02"]

1. d4 d5 2. Nf3 Nf6 3. c4 e6 4. Nc3 Be7 5. Bg5 h6 6. Bh4 O-O 7. e3 b6 8. Bxf6
Bxf6 9. cxd5 exd5 10. Be2 Be6 11. O-O c5 12. Rc1 Nd7 13. h3 Qe7 14. Qb3 cxd4 15.
exd4 Rfd8 16. Nb5 Nf8 17. Bd3 Rac8 18. Rce1 a6 19. Nc3 b5 20. Ne2 Qa7 21. Qd1
Kh8 22. Qd2 Bd7 23. Bb1 Ne6 24. h4 b4 25. Qxb4 Bb5 26. Ne5 Bxe2 27. Rxe2 Nxd4
28. Ree1 Bxe5 29. Rxe5 Nc6 30. Qf4 Nxe5 31. Qxe5 Qd7 32. Qd4 Rc6 33. h5 Kg8 34.
Re1 Re6 35. Rd1 Qe7 36. Kf1 Re8 37. g3 Re1+ 38. Kg2 Rxd1 39. Qxd1 Qe5 40. b4 Kf8
41. Bd3 Qd6 42. a3 Re6 43. Qc2 Qc6 44. Qxc6 Rxc6 45. a4 Ke7 46. Kf3 Rc3 47. Ke2
Rb3 48. Bxa6 Rxb4 49. Bb5 Rb3 50. Kd2 Kd6 51. Bd3 Ra3 52. Bb5 Kc5 53. Ke2 Kd4
54. Be8 f6 55. Bc6 Ke4 56. f3+ Kd4 0-1

[Event "61st World Juniors 2024"]
[Site "Gandhinagar IND"]
[Date "2024.06.09"]
[Round "7.39"]
[White "Shahil, Dey"]
[Black "Borkhetariya Devarsh M"]
[Result "1-0"]
[WhiteTitle "IM"]
[WhiteElo "2332"]
[BlackElo "1864"]
[WhiteFideId "35062352"]
[BlackFideId "25777033"]
[EventDate "2024.06.02"]

1. e4 e5 2. Bc4 Nf6 3. d3 Nc6 4. Nf3 d5 5. exd5 Nxd5 6. O-O Bg4 7. h3 Bxf3 8.
Qxf3 Nf6 9. Bb5 Qd5 10. Qxd5 Nxd5 11. Re1 f6 12. d4 O-O-O 13. Bxc6 bxc6 14. dxe5
fxe5 15. Bg5 Nf6 16. Nd2 Re8 17. Nc4 Bd6 18. Rad1 Re6 19. a3 e4 20. Be3 a6 21.
Na5 Be5 22. Bd4 Bxd4 23. Rxd4 Rd8 24. Rc4 Rdd6 25. Nb3 Re5 26. Nc5 a5 27. Nxe4
Rd2 28. Nxd2 Rxe1+ 29. Kh2 Kb7 30. Kg3 Kb6 31. f3 Re2 32. Nb3 Nh5+ 33. Kh4 Nf6
34. g4 Rg2 35. Nd4 h6 36. f4 Nd5 37. f5 c5 38. Ne6 Ne3 39. Rxc5 Rh2 40. Kg3 Nf1+
41. Kh4 Re2 42. Rc3 g6 43. Rb3+ Ka7 44. Nd4 Re4 45. Nc6+ Ka6 46. fxg6 a4 47. Rf3
Nh2 48. Rf6 h5 49. Kxh5 Re3 50. g7 Rxh3+ 51. Kg5 Nf3+ 52. Rxf3 Rxf3 53. g8=Q Kb6
54. Qb8+ Kc5 55. Qb4+ Kd5 56. Qd4+ Kxc6 57. Qe4+ Kd7 58. Qxf3 Kd6 59. c4 Kd7 60.
Kf6 Kc8 61. Qd5 1-0

[Event "61st World Juniors 2024"]
[Site "Gandhinagar IND"]
[Date "2024.06.09"]
[Round "7.40"]
[White "Kartik Kumar Singh"]
[Black "Koziorowicz, Michal"]
[Result "1/2-1/2"]
[BlackTitle "FM"]
[WhiteElo "2042"]
[BlackElo "2304"]
[WhiteFideId "46676465"]
[BlackFideId "21809194"]
[EventDate "2024.06.02"]

1. e4 e6 2. d4 d5 3. Nd2 Be7 4. Ngf3 Nf6 5. e5 Nfd7 6. Bd3 c5 7. c3 Nc6 8. O-O
g5 9. dxc5 g4 10. Nd4 Ndxe5 11. N2b3 h5 12. Bc2 f5 13. Qe2 Kf7 14. f4 Ng6 15.
Be3 Nf8 16. Nxc6 bxc6 17. Nd4 Qc7 18. b4 a5 19. a3 Ba6 20. Bd3 Bxd3 21. Qxd3 Nd7
22. Rab1 Nf6 23. b5 cxb5 24. Nxb5 Qd7 25. Nd4 Rhc8 26. c6 Rxc6 27. Nxc6 Qxc6 28.
Rb6 Qa4 29. Qd4 Qxd4 30. Bxd4 Bxa3 31. Ra1 Be7 32. Rb7 Ne4 33. Rc7 Nd2 34. Ba7
Nb3 35. Ra3 Kf6 36. Rxb3 Rxa7 37. Rxa7 Bc5+ 38. Kf1 Bxa7 39. Rb5 Be3 40. g3 a4
41. Ke2 Bg1 42. Kf1 Be3 43. Ra5 Bd2 44. Rxa4 Bxc3 45. Ke2 Kg6 46. Ra6 Kf7 47.
Ra7+ Kf6 48. Ra4 Kg6 1/2-1/2

[Event "61st World Juniors 2024"]
[Site "Gandhinagar IND"]
[Date "2024.06.09"]
[Round "7.41"]
[White "Jain, Kushagra"]
[Black "Vrashank, Chouhan"]
[Result "1-0"]
[BlackTitle "FM"]
[WhiteElo "1996"]
[BlackElo "2209"]
[WhiteFideId "66607663"]
[BlackFideId "25944240"]
[EventDate "2024.06.02"]

1. e4 e5 2. Nf3 Nf6 3. Nxe5 d6 4. Nf3 Nxe4 5. d4 d5 6. Bd3 Be6 7. O-O f5 8. Ne5
Nd7 9. Nxd7 Qxd7 10. f3 Nd6 11. Bf4 O-O-O 12. Re1 h6 13. Nd2 g5 14. Nb3 Nc4 15.
Qe2 Bf7 16. Be5 Re8 17. Bxc4 dxc4 18. Nd2 Qc6 19. b3 Bb4 20. bxc4 Bc3 21. Qf2
Bxa1 22. Bxh8 Rxh8 23. Rxa1 Bxc4 24. Nxc4 Qxc4 25. Qe3 f4 26. Qe4 Rd8 27. Rd1
Qxa2 28. d5 a5 29. c4 a4 30. c5 Qa3 31. Qe6+ Kb8 32. Qe7 Rc8 33. Kf1 Qc3 34. Qe2
Qe3 35. Qb5 Qb3 36. Qe2 Rd8 37. d6 cxd6 38. cxd6 a3 39. d7 Qc3 40. Qe7 Kc7 1-0

[Event "61st World Juniors 2024"]
[Site "Gandhinagar IND"]
[Date "2024.06.09"]
[Round "7.42"]
[White "Mukund Hemant Agarwal"]
[Black "Shah, Jeet"]
[Result "1/2-1/2"]
[WhiteElo "2196"]
[BlackElo "1946"]
[WhiteFideId "25679791"]
[BlackFideId "45012954"]
[EventDate "2024.06.02"]

1. e4 e5 2. Nf3 Nc6 3. Bb5 a6 4. Ba4 Nge7 5. c3 Ng6 6. d4 exd4 7. cxd4 Bb4+ 8.
Nc3 Bxc3+ 9. bxc3 d5 10. exd5 Qxd5 11. Bb3 Qe4+ 12. Be3 O-O 13. O-O Bg4 14. Ng5
Bxd1 15. Nxe4 Bxb3 16. axb3 b6 17. d5 Nce7 18. c4 Nf5 19. Bd2 Rfe8 20. Ng3 Nd6
21. Bb4 Nb7 22. Nf5 a5 23. Bc3 f6 24. Bd4 Nf4 25. Be3 Nd3 26. Nd4 Nbc5 27. Rfd1
a4 28. bxa4 Nb2 29. Rdc1 Rxa4 30. Rxa4 Nbxa4 31. Nb5 Re7 32. Rc2 Kf8 33. g3 Nd3
34. Kf1 Nb4 35. Re2 c6 36. dxc6 Nxc6 37. Ra2 Nc5 38. Nd6 Ra7 39. Rb2 Na4 40. Rb1
Rd7 41. Nc8 Ne5 42. Rb4 Rc7 43. Nd6 Nc5 44. Rxb6 Ncd7 45. Rb4 Rc6 46. c5 Nxc5
47. Rb8+ Ke7 48. Nf5+ Kf7 49. Bxc5 Rxc5 50. Rb7+ Kg6 51. Nxg7 Rc2 52. Ne6 Nd3
53. Rg7+ Kh6 54. Rg8 Rxf2+ 55. Kg1 Ra2 56. Nd4 Ra1+ 57. Kg2 Ra2+ 58. Kf3 Ne5+
59. Ke4 Rxh2 60. Nf5+ Kh5 61. Ng7+ 1/2-1/2

[Event "61st World Juniors 2024"]
[Site "Gandhinagar IND"]
[Date "2024.06.09"]
[Round "7.43"]
[White "Guru Prakash"]
[Black "Nainys, Zanas"]
[Result "1-0"]
[WhiteElo "1817"]
[BlackElo "2153"]
[WhiteFideId "25138316"]
[BlackFideId "12844098"]
[EventDate "2024.06.02"]

1. e4 c5 2. Nf3 e6 3. d4 cxd4 4. Nxd4 Nf6 5. Nc3 Nc6 6. Ndb5 Bb4 7. a3 Bxc3+ 8.
Nxc3 d5 9. exd5 exd5 10. Bd3 O-O 11. O-O Bg4 12. f3 Bh5 13. Bg5 Qb6+ 14. Kh1 Ne4
15. Nxe4 dxe4 16. Bxe4 Qxb2 17. Qb1 Qb6 18. Qxb6 axb6 19. Rfb1 Bg6 20. Bxg6 hxg6
21. Rxb6 f6 22. Bf4 g5 23. Bg3 Nd4 24. c3 Nc2 25. Rc1 Rfd8 26. h3 Ne3 27. Bf2
Rd3 28. Bxe3 Rxe3 29. Rb3 Re2 30. c4 Rd8 31. Rxb7 Rdd2 32. Rg1 Ra2 33. c5 Rec2
34. Rc7 Rxa3 35. Rd1 Raa2 36. Rdd7 Rxg2 37. Rxg7+ Kf8 38. Rgf7+ Kg8 39. Rfd7
Rh2+ 40. Kg1 1-0

[Event "61st World Juniors 2024"]
[Site "Gandhinagar IND"]
[Date "2024.06.09"]
[Round "7.44"]
[White "Bharadia Yash"]
[Black "Vihaan Karthikeya N"]
[Result "1-0"]
[WhiteTitle "CM"]
[WhiteElo "2100"]
[BlackElo "1936"]
[WhiteFideId "45087822"]
[BlackFideId "25950673"]
[EventDate "2024.06.02"]

1. e4 e6 2. d4 d5 3. Nc3 Bb4 4. e5 c5 5. a3 Ba5 6. b4 cxd4 7. Qg4 Kf8 8. Nb5 Bc7
9. Qxd4 Nc6 10. Qc5+ Nge7 11. Nxc7 Qxc7 12. f4 b6 13. Qc3 d4 14. Qc4 Qd7 15. Nf3
a6 16. Bd3 Bb7 17. Bd2 Rc8 18. Qb3 Rd8 19. O-O h6 20. a4 Nb8 21. Rad1 Bd5 22.
Qa3 Bc6 23. b5 axb5 24. axb5 Bxb5 25. Bxb5 Qxb5 26. Bb4 Nc6 27. Nxd4 Rxd4 28.
Qa8+ 1-0

[Event "61st World Juniors 2024"]
[Site "Gandhinagar IND"]
[Date "2024.06.09"]
[Round "7.45"]
[White "Yohan Yadav Tarala"]
[Black "Jval Saurin Patel"]
[Result "1-0"]
[WhiteElo "1810"]
[BlackElo "2085"]
[WhiteFideId "33385300"]
[BlackFideId "25968343"]
[EventDate "2024.06.02"]

1. e4 e6 2. d4 d5 3. Nd2 Nf6 4. e5 Nfd7 5. Bd3 c5 6. c3 Nc6 7. Ne2 cxd4 8. cxd4
f6 9. Nf4 Nxd4 10. Qh5+ Ke7 11. exf6+ Nxf6 12. Ng6+ hxg6 13. Qxh8 Kf7 14. O-O e5
15. Nb3 Nxb3 16. axb3 Bf5 17. Bxf5 gxf5 18. Bg5 d4 19. Bxf6 Qxf6 20. Rfc1 Qd6
21. Qh7 Qd7 22. Ra5 Re8 23. Re1 Kf6 24. f4 e4 25. g4 fxg4 26. Rxe4 Rd8 27. Rg5 1-0

[Event "61st World Juniors 2024"]
[Site "Gandhinagar IND"]
[Date "2024.06.09"]
[Round "7.46"]
[White "Mrinmoy Rajkhowa"]
[Black "Halynyazov, Vepaly"]
[Result "0-1"]
[WhiteElo "1942"]
[BlackElo "2058"]
[WhiteFideId "25603426"]
[BlackFideId "14004020"]
[EventDate "2024.06.02"]

1. e4 e6 2. d4 d5 3. Nd2 c5 4. Ngf3 cxd4 5. exd5 Qxd5 6. Bc4 Qd6 7. O-O Nf6 8.
Nb3 Nc6 9. Nbxd4 Nxd4 10. Nxd4 a6 11. Be3 Qc7 12. Qe2 Bd6 13. h3 O-O 14. Rad1 b5
15. Bd3 Bb7 16. Bg5 Bh2+ 17. Kh1 Be5 18. c3 h6 19. Bc1 Bf4 20. Rfe1 Rad8 21. a4
Rd5 22. axb5 Rh5 23. Kg1 axb5 24. Nxb5 Bh2+ 25. Kh1 Qc6 26. f3 Bb8 27. c4 g5 28.
b3 g4 29. Be4 Nxe4 30. fxe4 f5 31. Ba3 Qe8 32. Bxf8 Qxf8 33. exf5 Rxh3+ 34. Kg1
Bh2+ 35. Kf1 Qxf5+ 36. Qf2 Bxg2+ 37. Kxg2 Rg3+ 38. Qxg3 Bxg3 39. Rf1 Bf4 40. Rd4
e5 41. Rd8+ Kh7 42. Re1 Qc2+ 43. Kf1 Qxb3 44. Rd7+ Kg6 45. Rd6+ Kg5 46. Re2 Qf3+
47. Ke1 Qh1+ 48. Kf2 g3# 0-1

[Event "61st World Juniors 2024"]
[Site "Gandhinagar IND"]
[Date "2024.06.09"]
[Round "7.47"]
[White "Apoorv Kamble"]
[Black "Mrithyunjay Mahadevan"]
[Result "0-1"]
[WhiteTitle "FM"]
[BlackTitle "CM"]
[WhiteElo "2369"]
[BlackElo "1867"]
[WhiteFideId "25683012"]
[BlackFideId "45003521"]
[EventDate "2024.06.02"]

1. e4 e5 2. Nf3 Nc6 3. Bc4 Nf6 4. d3 h6 5. O-O d6 6. Nc3 g5 7. d4 g4 8. dxe5
gxf3 9. exf6 Ne5 10. Bd3 Rg8 11. g3 c6 12. Re1 Qxf6 13. Bf1 h5 14. Be3 h4 15.
Qd2 Qh8 16. Bd4 Bh6 17. Bxe5 Bxd2 18. Bxh8 Bxe1 19. Bf6 Bxc3 20. Bxc3 f5 21. e5
d5 22. Bd2 Be6 23. a4 O-O-O 24. Ra3 Rg4 25. Bf4 d4 26. Bh3 hxg3 27. fxg3 Bd5 28.
Bxg4 fxg4 29. Rd3 c5 30. Rd2 Bc6 31. a5 Rd5 32. c3 dxc3 33. bxc3 Kd7 34. Rxd5+
Bxd5 35. e6+ Bxe6 36. Bb8 b5 37. Bxa7 Kc6 38. a6 Bc8 39. Kf2 Bxa6 40. h3 gxh3
41. Kxf3 Bc8 42. Kf2 Kd5 43. Bb8 b4 44. cxb4 cxb4 45. Bf4 b3 46. Bc1 Kd4 47. Kf3
Bb7+ 48. Kf2 h2 49. Bb2+ Kd3 0-1

[Event "61st World Juniors 2024"]
[Site "Gandhinagar IND"]
[Date "2024.06.09"]
[Round "7.48"]
[White "Ayushh, Ravikumar"]
[Black "Jares, Michal"]
[Result "1/2-1/2"]
[WhiteTitle "FM"]
[BlackTitle "FM"]
[WhiteElo "1950"]
[BlackElo "2382"]
[WhiteFideId "35039482"]
[BlackFideId "386839"]
[EventDate "2024.06.02"]

1. d4 Nf6 2. Nf3 d5 3. c4 e6 4. Nc3 Be7 5. Bf4 O-O 6. e3 b6 7. h3 Bb7 8. Qc2
Nbd7 9. cxd5 Nxd5 10. Nxd5 Bxd5 11. Bd3 Nf6 12. O-O Bxf3 13. gxf3 c5 14. dxc5
Bxc5 15. Be4 Nxe4 16. Qxe4 Qd2 17. Be5 Rfd8 18. Bc3 Qd5 19. Qxd5 Rxd5 20. Rfd1
Rad8 21. Rxd5 Rxd5 22. Kf1 f6 23. Ke2 b5 24. Rd1 Rxd1 25. Kxd1 b4 26. Bd2 Kf7
27. Ke2 Kg6 28. f4 Kh5 29. Kf3 Kh4 30. Kg2 h6 31. e4 a6 32. f5 exf5 33. exf5 Kh5
34. Kf3 g6 35. fxg6 Kxg6 36. Bf4 h5 37. b3 Kf5 38. Bg3 Be7 39. Bc7 Kg5 40. Bf4+
Kf5 41. Bc7 Bf8 42. Ke3 Bc5+ 43. Kf3 Ke6 44. Bf4 Kd5 45. Be3 Bxe3 46. Kxe3 Ke5
47. f4+ Kd5 48. Kd3 f5 49. Ke3 Kc5 50. Kd3 a5 51. Ke3 h4 52. Kd3 Kd5 53. Ke3 Kc5 1/2-1/2

[Event "61st World Juniors 2024"]
[Site "Gandhinagar IND"]
[Date "2024.06.09"]
[Round "7.49"]
[White "Insara, S D Nadev"]
[Black "Pozzari, Simone"]
[Result "0-1"]
[BlackTitle "FM"]
[WhiteElo "1874"]
[BlackElo "2276"]
[WhiteFideId "29932050"]
[BlackFideId "2831282"]
[EventDate "2024.06.02"]

1. c4 e6 2. Nf3 d5 3. d4 Nf6 4. g3 Bb4+ 5. Bd2 Be7 6. Bg2 O-O 7. O-O c6 8. b3
Ne4 9. Bc1 f5 10. Bb2 Nd7 11. Nbd2 b6 12. Qc2 Bb7 13. Rad1 Qe8 14. Nxe4 fxe4 15.
Ne5 Nxe5 16. dxe5 c5 17. cxd5 exd5 18. f4 d4 19. f5 Qc6 20. b4 Rad8 21. Qc4+ 0-1

[Event "61st World Juniors 2024"]
[Site "Gandhinagar IND"]
[Date "2024.06.09"]
[Round "7.50"]
[White "Sharnarthi Shlok"]
[Black "Talgatov, Nazar"]
[Result "0-1"]
[WhiteElo "1838"]
[BlackElo "2108"]
[WhiteFideId "25977776"]
[BlackFideId "13743694"]
[EventDate "2024.06.02"]

1. e4 e5 2. Nf3 Nc6 3. Bc4 Nf6 4. d3 Bc5 5. c3 d6 6. O-O O-O 7. Bb3 Bb6 8. Nbd2
a5 9. Re1 Be6 10. Nf1 h6 11. Be3 Bxe3 12. Nxe3 Qd7 13. Bc2 Rfe8 14. Nh4 Ne7 15.
d4 c6 16. dxe5 dxe5 17. Qxd7 Nxd7 18. Nhf5 Bxf5 19. exf5 Nb6 20. c4 Nd7 21. Rad1
Nc5 22. Rd2 Rad8 23. Red1 Rxd2 24. Rxd2 Kf8 25. b3 Ng8 26. a3 Nf6 27. b4 axb4
28. axb4 Na6 29. Ba4 Ra8 30. Rb2 c5 31. bxc5 Nxc5 32. Bd1 Ke7 33. g4 Ra1 34. Kg2
Kd6 35. h4 Ra3 36. g5 hxg5 37. hxg5 Nfd7 38. Be2 f6 39. Rd2+ Kc6 40. g6 Ra8 41.
Nd5 Nb6 42. Nc3 Re8 43. Nb5 Nc8 44. Rd1 b6 45. Bf3+ e4 46. Bg4 Re7 47. f3 e3 48.
f4 Nb3 49. Rd8 Na7 50. Nc3 Kc5 51. Rf8 Kxc4 52. Ne2 Nd2 53. Ng3 b5 54. Be2+ Kc5
55. Nh5 b4 56. Rf7 Kd6 57. Rxg7 b3 58. Rg8 Nc6 59. g7 b2 60. Rd8+ Nxd8 61. g8=Q
Nc6 62. Nxf6 b1=Q 63. Ne8+ Kc5 64. Qf8 Qe1 65. f6 Qxe2+ 66. Kh3 Qf3+ 67. Kh4 e2
68. fxe7 e1=Q+ 69. Kg5 Qxe7+ 0-1

[Event "61st World Juniors 2024"]
[Site "Gandhinagar IND"]
[Date "2024.06.09"]
[Round "7.51"]
[White "Radojicic, Aleksandar M"]
[Black "Sureka Akshat"]
[Result "0-1"]
[WhiteElo "2088"]
[BlackElo "1972"]
[WhiteFideId "979694"]
[BlackFideId "25774492"]
[EventDate "2024.06.02"]

1. d4 d5 2. c4 e6 3. Nc3 h6 4. Bf4 Nf6 5. e3 Bd6 6. Bg3 O-O 7. Nf3 Bxg3 8. hxg3
Nbd7 9. Rc1 c6 10. Bd3 dxc4 11. Bxc4 b5 12. Bd3 a6 13. Ne4 Bb7 14. O-O Nxe4 15.
Bxe4 Rc8 16. b4 a5 17. a3 axb4 18. axb4 Qe7 19. Qb3 Nf6 20. Bb1 Ra8 21. Ne5 Ra4
22. Rc5 Nd5 23. Qd3 g6 24. Nxg6 fxg6 25. Qxg6+ Qg7 26. Qxe6+ Kh8 27. e4 Nf6 28.
Rfc1 Rxb4 29. d5 cxd5 30. e5 Ne4 31. Bxe4 Rxe4 32. Rc7 Re1+ 33. Rxe1 Qxc7 34.
Qxh6+ Kg8 35. e6 Qg7 36. Qh5 Qh7 37. Qg4+ Qg7 38. Qb4 Bc6 39. Qc5 Qf6 40. f4 Rc8
41. Re5 Bd7 42. Qxd5 Rc1+ 43. Kh2 Be8 44. e7+ Qf7 45. Rg5+ Kh8 46. Qe5+ Kh7 47.
g4 Rc6 48. Rh5+ Rh6 49. Rxh6+ Kxh6 50. g5+ Kh7 51. g4 Qa2+ 52. Kg3 Qb3+ 53. Kh4
Qc2 54. f5 Qf2+ 55. Kh3 Bc6 56. g6+ Kh6 57. Qg3 Qf1+ 58. Kh4 Qh1+ 59. Qh3 Qxh3+
60. Kxh3 b4 61. g5+ Kg7 62. Kg4 b3 63. Kh5 Be8 64. f6+ Kg8 65. Kh6 b2 66. f7+
Bxf7 67. gxf7+ Kxf7 68. g6+ Kxe7 69. g7 Kf7 70. Kh7 b1=Q+ 0-1

[Event "61st World Juniors 2024"]
[Site "Gandhinagar IND"]
[Date "2024.06.09"]
[Round "7.52"]
[White "Safarov, Deniel"]
[Black "Vedant Garg"]
[Result "1-0"]
[WhiteElo "2059"]
[BlackElo "1811"]
[WhiteFideId "13619802"]
[BlackFideId "33422362"]
[EventDate "2024.06.02"]

1. e4 e5 2. Nf3 Nc6 3. Bb5 a6 4. Ba4 Nf6 5. O-O d6 6. c3 Bd7 7. d4 g6 8. Re1 Bg7
9. h3 O-O 10. Nbd2 exd4 11. cxd4 Nb4 12. Bxd7 Qxd7 13. Qb3 a5 14. a3 Nc6 15. e5
a4 16. Qa2 dxe5 17. dxe5 Nd5 18. Ne4 Rae8 19. Rd1 Nce7 20. Bg5 c6 21. Nd6 Rb8
22. Ne4 Qf5 23. Ng3 Qe6 24. Qc4 Nf5 25. Ne4 h6 26. Nc5 Qe8 27. Bd2 b5 28. Qc2
Qe7 29. Re1 Rfe8 30. Rac1 Rbc8 31. Re2 Nb6 32. Rce1 Nc4 33. Bb4 Nh4 34. Nxh4
Qxh4 35. e6 fxe6 36. Nxe6 Kh7 37. Nxg7 Rxe2 38. Rxe2 Kxg7 39. Re7+ Kf6 40. Qe2
Kg5 41. Re5+ Kf6 42. Be7+ Kf7 43. Bxh4 Nxe5 44. Qxe5 Re8 45. Qf6+ Kg8 46. Qxg6+
Kf8 47. Bf6 Re1+ 48. Kh2 h5 49. Qg7+ Ke8 50. Qg8+ Kd7 51. Qd8+ Ke6 52. Qe7+ 1-0

[Event "61st World Juniors 2024"]
[Site "Gandhinagar IND"]
[Date "2024.06.09"]
[Round "7.53"]
[White "Boricha Yohan"]
[Black "Mizzi, Jack"]
[Result "0-1"]
[BlackTitle "CM"]
[WhiteElo "1811"]
[BlackElo "2051"]
[WhiteFideId "46672923"]
[BlackFideId "5602521"]
[EventDate "2024.06.02"]

1. e4 e5 2. Nf3 Nc6 3. Bc4 Bc5 4. c3 Nf6 5. d3 a6 6. Bb3 d6 7. Nbd2 O-O 8. h3
Be6 9. Bxe6 fxe6 10. b4 Ba7 11. a4 Nh5 12. O-O Nf4 13. Nc4 b5 14. Ne3 d5 15.
exd5 exd5 16. Ng4 e4 17. Nfe5 Nxe5 18. Nxe5 e3 19. Bxe3 Bxe3 20. fxe3 Nxh3+ 21.
gxh3 Qg5+ 22. Ng4 h5 23. Qe2 hxg4 24. hxg4 bxa4 25. Rxa4 Qe5 26. Rxf8+ Rxf8 27.
Kg2 Rf6 28. c4 Rh6 29. Qf3 Qb2+ 30. Kg1 Qc1+ 31. Kf2 Qd2+ 32. Kg1 Qe1+ 33. Kg2
Qh1+ 34. Kf2 Rh2+ 35. Kg3 Rh3+ 0-1

[Event "61st World Juniors 2024"]
[Site "Gandhinagar IND"]
[Date "2024.06.09"]
[Round "7.54"]
[White "Sharon, Rafael"]
[Black "Piyush, Kumar"]
[Result "1/2-1/2"]
[WhiteElo "2015"]
[BlackElo "1795"]
[WhiteFideId "74601580"]
[BlackFideId "25674927"]
[EventDate "2024.06.02"]

1. d4 Nf6 2. Nf3 b6 3. e3 Bb7 4. Bd3 e6 5. Nbd2 c5 6. b3 cxd4 7. exd4 Be7 8. Bb2
O-O 9. O-O Nh5 10. c4 d6 11. Qc2 g6 12. Rfe1 Nd7 13. Ne4 d5 14. Ned2 Rc8 15.
Rac1 Bf6 16. Qb1 Bg7 17. Rf1 Qf6 18. Ne5 Nxe5 19. dxe5 Qg5 20. Nf3 Qe7 1/2-1/2

[Event "61st World Juniors 2024"]
[Site "Gandhinagar IND"]
[Date "2024.06.09"]
[Round "7.55"]
[White "Vengatesh, Krishnan C"]
[Black "Mankga, Thabang"]
[Result "1-0"]
[WhiteElo "1790"]
[BlackElo "1817"]
[WhiteFideId "45050457"]
[BlackFideId "14334798"]
[EventDate "2024.06.02"]

1. c4 Nf6 2. Nc3 e6 3. d4 d5 4. cxd5 exd5 5. Bg5 Be7 6. e3 c6 7. Bd3 Be6 8. Qc2
Nbd7 9. Nge2 h6 10. Bh4 Rc8 11. O-O g5 12. Bg3 h5 13. f4 gxf4 14. Nxf4 Nf8 15.
Nxe6 Nxe6 16. Qf2 Rf8 17. h3 a6 18. Rad1 b5 19. Qf5 Ng7 20. Qf3 c5 21. dxc5 Rxc5
22. Be5 Rc6 23. Nxb5 Qb6 24. Nd4 Re6 25. Nxe6 fxe6 26. Qe2 Kd7 27. Rc1 Nge8 28.
Bxa6 Ng8 29. Qb5+ Qxb5 30. Bxb5+ Kd8 31. a4 1-0

[Event "61st World Juniors 2024"]
[Site "Gandhinagar IND"]
[Date "2024.06.09"]
[Round "7.56"]
[White "Matsumura, Cocoro"]
[Black "Makwana, Devam"]
[Result "1-0"]
[WhiteElo "2032"]
[BlackElo "1820"]
[WhiteFideId "36087114"]
[BlackFideId "25632566"]
[EventDate "2024.06.02"]

1. e4 c6 2. d4 d5 3. e5 c5 4. dxc5 e6 5. Bd3 Nc6 6. Nf3 Bxc5 7. a3 Nge7 8. b4
Bb6 9. Bb2 Ng6 10. b5 Na5 11. g3 Bd7 12. h4 Qc7 13. h5 Ne7 14. h6 g6 15. Nbd2 a6
16. bxa6 bxa6 17. Qe2 Rb8 18. Ng5 Nf5 19. Bxf5 gxf5 20. Qh5 Bb5 21. Nxe6 Qxc2
22. Ng7+ Kf8 23. e6 Bxf2+ 24. Kxf2 Qxd2+ 25. Kg1 Be8 26. e7+ Kg8 27. Nxe8 Qe3+
28. Kf1 Rxe8 29. Re1 Qd2 30. Re2 1-0

[Event "61st World Juniors 2024"]
[Site "Gandhinagar IND"]
[Date "2024.06.09"]
[Round "7.57"]
[White "Bedi, Vaibhav"]
[Black "Eugen Mehul Shah"]
[Result "0-1"]
[WhiteElo "1706"]
[BlackElo "1744"]
[WhiteFideId "7501900"]
[BlackFideId "33444552"]
[EventDate "2024.06.02"]

1. e4 c5 2. Nf3 Nc6 3. d4 cxd4 4. Nxd4 g6 5. c4 Nf6 6. Nc3 d6 7. Be2 Nxd4 8.
Qxd4 Bg7 9. Be3 O-O 10. Qd2 Qa5 11. O-O Be6 12. Rac1 Rfc8 13. f3 a6 14. Nd5 Qxd2
15. Bxd2 Nxd5 16. cxd5 Bd4+ 17. Kh1 Bd7 18. b3 Bb2 19. Rb1 Rc2 20. Rfd1 Bb5 21.
Bxb5 axb5 22. a4 bxa4 23. bxa4 Rxa4 24. Bc1 Ra2 25. Bxb2 Raxb2 26. Rxb2 Rxb2 27.
h4 h5 28. Rc1 Kg7 29. Kh2 b5 30. Rc6 b4 31. Rb6 b3 32. Kg3 Rb1 33. Kf4 b2 34.
Kg3 e6 35. Kf2 g5 36. hxg5 h4 37. dxe6 fxe6 38. f4 Kg6 39. e5 dxe5 40. Rxe6+ Kf7
41. Rb6 exf4 42. Rf6+ Kg7 43. Rb6 h3 44. gxh3 Rh1 45. Kf3 b1=Q 46. Rxb1 Rxb1 47.
Kxf4 Kg6 48. h4 Rb4+ 49. Kg3 Kh5 0-1

[Event "61st World Juniors 2024"]
[Site "Gandhinagar IND"]
[Date "2024.06.09"]
[Round "7.58"]
[White "Dhami, Dipak"]
[Black "BRUGETTE, Romain"]
[Result "0-1"]
[WhiteElo "1702"]
[BlackElo "1655"]
[WhiteFideId "12325899"]
[BlackFideId "9700676"]
[EventDate "2024.06.02"]

1. d4 Nf6 2. c4 c5 3. d5 e5 4. Nc3 d6 5. e4 Be7 6. f3 O-O 7. Be3 Nbd7 8. Qd2 Ne8
9. g4 Bh4+ 10. Kd1 Nc7 11. Bd3 h6 12. Nge2 Re8 13. Ng3 Nf8 14. Kc2 Ng6 15. Nf5
Bg5 16. h4 Bxe3 17. Qxe3 Bxf5 18. gxf5 Nf4 19. Rag1 Qf6 20. Ne2 Nxe2 21. Bxe2
Kh7 22. Rg3 Re7 23. h5 a6 24. Rgg1 Ne8 25. Kb1 Rb8 26. a4 a5 27. Bd3 Ra8 28. Rg2
Ra6 29. Qd2 b6 30. Rg4 Ra8 31. Qc2 Rb8 32. Qc1 Rbb7 0-1

[Event "61st World Juniors 2024"]
[Site "Gandhinagar IND"]
[Date "2024.06.09"]
[Round "7.60"]
[White "Katta, Sriansh"]
[Black "De Maupeou D'ableiges, Alexandre"]
[Result "1-0"]
[WhiteElo "1753"]
[BlackElo "1831"]
[WhiteFideId "30981034"]
[BlackFideId "4313585"]
[EventDate "2024.06.02"]

1. e4 c5 2. Nc3 Nc6 3. f4 g6 4. Nf3 Bg7 5. Bc4 e6 6. O-O Nge7 7. d3 O-O 8. Qe1
d5 9. Bb3 Nd4 10. Nxd4 cxd4 11. Nd1 dxe4 12. dxe4 b5 13. Nf2 a5 14. a4 Ba6 15.
Nd3 Nc6 16. f5 bxa4 17. Rxa4 Qe7 18. Qf2 Bxd3 19. cxd3 Qd7 20. Qh4 Rab8 21. Ra3
exf5 22. exf5 Rb5 23. f6 Bh8 24. Ba4 Rf5 25. Rxf5 Qxf5 26. Bxc6 Qc5 27. Bh6 Qxc6
28. Bxf8 Qc1+ 29. Kf2 Qxb2+ 30. Kg3 Kxf8 31. Rxa5 Qb8+ 32. Qf4 Qxf4+ 33. Kxf4
Bxf6 34. Ra6 Ke7 35. Ke4 Bg7 36. g4 Kd7 37. Kd5 Ke7 38. Ra7+ Kf6 39. Kxd4 Kg5+
40. Kc4 Bf6 41. Rxf7 h5 42. h4+ Kxg4 43. Rxf6 Kxh4 44. Rxg6 Kh3 45. d4 h4 46. d5
Kh2 47. d6 h3 48. d7 Kh1 49. d8=Q h2 50. Qd1# 1-0